000 00454nam a2200181Ia 4500
001 11447
005 20260306162829.0
008 260306t1993||||xx |||||||||||||| ||spa||
041 _aESP
082 _a985.052
_bS52A
100 _aSanta-Cruz Schuhkrafft, Andrés de
_eAUT
245 0 _aArchivo histórico del Mariscal Andrés de santa-Cruz
260 _c1993
300 _a
_c21 cm.
650 _aGEN
654 _aCHU
942 _cLIB
_dJUS
_fJUS
_2ddc
_n
999 _c11447
_d11447